| 000 | 00525nam a22001817a 4500 | ||
|---|---|---|---|
| 003 | OSt | ||
| 005 | 20240320095938.0 | ||
| 008 | 240320b |||||||| |||| 00| 0 eng d | ||
| 040 |
_aMMU _bEng _cMMU _dMMU |
||
| 050 | _aDT 434 .E2A25 1979 | ||
| 100 | _aOgot A. Bethell, | ||
| 245 |
_aEcology and history in east africa: _cBethwel A . Ogot . |
||
| 260 |
_aKenya _bKlb _c1979 |
||
| 300 |
_a242p .; _billu ; |
||
| 440 | _aEcology and History in East Africa .; | ||
| 650 |
_aEcology _vHistory _xEast Africa |
||
| 942 |
_2lcc _cSHORTLOAN |
||
| 999 |
_c32728 _d32725 |
||